000 00570cam a2200193 4500500
005 20260405000425.0
041 _afre
042 _adc
100 1 0 _aPrévost, Anne-Vanessa
_eauthor
245 0 0 _aMontaigne, l’esprit frondeur
260 _c2007.
500 _a20
690 _aHumanisme
690 _aLa Boétie
690 _ales Essais
690 _aMontaigne
786 0 _nPhilosophie magazine | 9 | 5 | 2007-05-01 | p. 22-23 | 1951-1787
856 4 1 _uhttps://shs.cairn.info/magazine-philosophie-magazine-2007-5-page-22?lang=fr&redirect-ssocas=7080
999 _c2036933
_d2036933